Logo BPK

Bibliografia Prac Pracowników

Politechniki Koszalińskiej

Badanie wpływu pól temperatur na intensywność wymiany ciepła podczas konwekcji swobodnej w przestrzeni częściowo ograniczonej / (Rekord nr 8637)

Szczegóły MARC
000 -ETYKIETA REKORDU
podpole kontrolne o stałej długości 00792naa a2200169 i 4500
001 - NUMER KONTROLNY REKORDU
podpole kontrolne 8637
003 - IDENTYFIKATOR NUMERU KONTROLNEGO REKORDU
podpole kontrolne KOSZ 005
005 - DATA OSTATNIEJ MODYFIKACJI REKORDU
podpole kontrolne 20180403104018.0
008 - POLE O STAŁEJ DŁUGOŚCI - DANE KONTROLNE
podpole kontrolne o stałej długości 180221s2008 pl f |100 0 pol
040 ## - ŹRÓDŁO KATALOGOWANIA
Instytucja, która utworzyła rekord KOSZ 005
Instytucja, która sporządziła opis KOSZ 005
Instytucja, która dokonała modyfikacji KOSZ 005/HR
100 1# - NAZWA OSOBOWA
Nazwa osobowa ORŁOWSKA, Magdalena.
Instytucja Politechnika Koszalińska - Wydział Mechaniczny,
Wydział Katedra Techniki Cieplnej i Chłodnictwa
245 ## - TYTUŁ/ODPOWIEDZIALNOŚĆ
Tytuł Badanie wpływu pól temperatur na intensywność wymiany ciepła podczas konwekcji swobodnej w przestrzeni częściowo ograniczonej /
Pozostałe elementy strefy tytułu i oznaczenia odpowiedzialności Magdalena Szpakowska, Marian Czapp.
655 #0 - TERMIN INDEKSOWY - OKREŚLENIE RODZAJU/FORMY DOKUMENTU
Określnie rodzaju/formy dokumentu Materiały konferencyjne.
711 22 - HASŁO DODATKOWE - NAZWA IMPREZY
Nazwa imprezy Zjazd Termodynamików
Oznaczenie części/sekcji dzieła (22 ;
Data imprezy 2008 ;
Miejsce imprezy Wrocław, Polska)
773 0# - TYTUŁ DOKUMENTU MACIERZYSTEGO
Wyrażenie wprowadzające W :
Tytuł XX Jubileuszowy Zjazd Termodynamików. T. 2. -
Adres wydawniczy Wrocław, 2008. -
Informacje dotyczące relacji s. 411-416
942 ## - HASŁO DODATKOWE - ELEMENTY(KOHA)
Typ dokumentu Rozdział
Schemat klasyfikacji Uniwersalna klasyfikacja dziesiętna

Brak dostępnych egzemplarzy.

© 2014 Biblioteka Politechniki Koszalińskiej :: BIBLIOGRAFIA PRAC PRACOWNIKÓW